Introducción a la práctica de la educación psicomotriz: fundamentos técnicos y prácticos de psicomotricidad

Na minha lista:
Detalhes bibliográficos
Autor principal: Ramos, Francisco (Author)
Formato: Livro
Idioma:espanhol
Publicado em: Madrid Pablo del Río 1979
Assuntos:
Tags: Adicionar Tag
Sem tags, seja o primeiro a adicionar uma tag!

MARC

LEADER 00000nam a2200000 a 4500
001 UCW3781
003 CL-VaPUC
008 890323e19790000SP |||||||||||||||||spa|d
082 0 4 |a 152.3  |b RAM  |2 21 
100 0 |a Ramos, Francisco  |e author  |9 308163 
245 1 0 |a Introducción a la práctica de la educación psicomotriz: fundamentos técnicos y prácticos de psicomotricidad 
300 |a 165 p 
942 |c BK 
945 |d 19890323 00:00:00 
260 |a Madrid  |b Pablo del Río  |c 1979 
650 0 |a Aptitud motora   |9 307353 
583 |a last modification  |c 19890323 00:00:00  |k Rodrigo Vera 
999 |c 217674  |d 217672 
952 |0 0  |1 0  |2 ddc  |4 0  |6 152_300000000000000_RAM_1979  |7 0  |8 A  |9 205721  |a BIBEDU  |b BIBEDU  |d 2019-11-15  |i 2736772  |l 2  |o 152.3 RAM 1979  |p 2736772  |r 2023-10-12  |s 2023-10-10  |w 2019-11-15  |y BK  |k EDU 
952 |0 0  |1 0  |2 ddc  |4 0  |6 152_300000000000000_RAM_1979  |7 0  |8 A  |9 205722  |a BIBEDU  |b BIBEDU  |d 2019-11-15  |i 2736780  |l 2  |o 152.3 RAM 1979  |p 2736780  |r 2023-10-12  |s 2023-10-10  |w 2019-11-15  |y BK  |k EDU